| 000 | 01461nam a2200349Ia 4500 | ||
|---|---|---|---|
| 001 | ebr10150457 | ||
| 003 | CaPaEBR | ||
| 006 | m u | ||
| 007 | cr cn||||||||| | ||
| 008 | 060127s2006 nyu sb 001 0 eng d | ||
| 020 | _z1403983380 | ||
| 020 | _z1403964696 | ||
| 040 |
_aCaPaEBR _cCaPaEBR |
||
| 035 | _a(OCoLC)567962868 | ||
| 050 | 1 | 4 |
_aPQ7081.5 _b.T754 2006eb |
| 100 | 1 | _aTrigo, Benigno. | |
| 245 | 1 | 0 |
_aRemembering maternal bodies _h[electronic resource] : _bmelancholy in Latina and Latin American women's writing / _cBenigno Trigo. |
| 250 | _a1st ed. | ||
| 260 |
_aNew York : _bPalgrave Macmillan, _c2006. |
||
| 300 | _aviii, 205 p. | ||
| 490 | 1 | _aNew concepts in Latino American cultures | |
| 504 | _aIncludes bibliographical references (p. [191]-200) and index. | ||
| 533 |
_aElectronic reproduction. _bPalo Alto, Calif. : _cebrary, _d2009. _nAvailable via World Wide Web. _nAccess may be limited to ebrary affiliated libraries. |
||
| 650 | 0 |
_aLatin American literature _xWomen authors _xHistory and criticism. |
|
| 650 | 0 |
_aHispanic American women authors _xCriticism and interpretation. |
|
| 650 | 0 | _aMelancholy in literature. | |
| 650 | 0 | _aMothers in literature. | |
| 655 | 7 |
_aElectronic books. _2local |
|
| 710 | 2 | _aebrary, Inc. | |
| 830 | 0 | _aNew concepts in Latino American cultures. | |
| 856 | 4 | 0 |
_uhttp://site.ebrary.com/lib/rucke/Doc?id=10150457 _zAn electronic book accessible through the World Wide Web; click to view |
| 999 |
_c202953 _d202953 |
||